000 00992na a2200289 4500
001 14195
003 MIRAKIL
005 20181213155158.0
008 161019b tu 000 0
035 _a14195
040 _aMilas
_btur
_cTR-AnCHP
041 _atur
082 _aATA 355
_bS85t 1997
090 _aATA 355 S85t 1997
100 _aSuner, Hikmet
245 _aTürkiye Cumhuriyeti Atatürk'ün eseridir
_bAtatürk'ün inkılaplarını benimsemek
_cHikmet Suner
260 _aİstanbul
_b[yayl.y.]
_c1997
300 _a2 c.
_c20 sm.
490 _aHikmet Suner'in Yayınlanmış Kitapları
_v4-5
500 _aYapıt yazarından imzalıdır.
505 _ac.2: Atatürk'ün inkılaplarını benimsemek. 2. cilt kısaltılmıştır.
600 _aAtatürk, Mustafa Kemal
_d1881-1938
_xAtatürk devrimleri
600 _aAtatürk, Mustafa Kemal
_d1881-1938
_xAskeri kişilik
650 _aAtatürk devrimleri
_zTürkiye
651 _aTürkiye
_xSiyasal tarih
942 _2dcc
_cBKS
999 _c8056
_d8056